World Capitals Closest to Moscow - 30 Second Sprint - Statistics

General Stats
  • This quiz has been taken 88 times
  • The average score is 8 of 20
Answer Stats
km capital miles % Correct
893 Helsinki 555
77%
843 Riga 524
74%
758 Kiev 471
71%
676 Minsk 420
71%
868 Tallinn 539
71%
781 Vilnius 491
68%
1153 Warsaw 716
65%
1645 Oslo 1022
42%
1228 Stockholm 763
42%
1610 Berlin 1001
35%
1562 Copenhagen 970
35%
1501 Bucharest 933
29%
1144 Chișinău 711
29%
1669 Prague 1037
26%
1633 Bratislava 1014
23%
1647 Tbilisi 1024
23%
1571 Budapest 976
19%
1672 Vienna 1039
16%
1715 Belgrade 1066
10%
1776 Sofia 1104
10%
No matching quizzes found
Score Distribution
Percent of People with Each Score
Percentile by Number Answered
Your Score History
You have not taken this quiz